Wird geladen...

Displaced by development : confronting marginalisation and gender injustice

Bibliographische Detailangaben
1. Verfasser: Lyla Mehta
Format: Printed Book
Veröffentlicht: New Delhi Sage 2009
Schlagworte:
LEADER 00681nam a22001811a 4500
020 |a 81-7829-900-6  |c 0.00 
040 |a SSUS - Library - Kalady 
082 |a 305.420 954  |b LYL/D 
100 |a Lyla Mehta 
245 |a Displaced by development : confronting marginalisation and gender injustice  |h [Text] 
260 |a New Delhi  |b Sage  |c 2009 
300 |a 309p. 
600 |a Economic Development India 
600 |a Gender Injustice India 
852 |h 305.420 954  |i LYL/D  |p 057193  |9 695.00  |t 0 
942 |c BK 
999 |c 11023  |d 11023 
952 |0 0  |1 0  |4 0  |6 305_420000000000000_954_LYL_D  |7 0  |9 16076  |a SSUS  |b SSUS  |d 2015-01-08  |g 695.00  |l 1  |o 305.420 954 LYL/D  |p 057193  |r 2017-04-11  |s 2017-02-13  |v 0.00  |w 2015-01-08  |y BK